[Event "3. Wittelsbacher Weihnachts-Schach-Open"]
[Site "Kelheim"]
[Date "2014.12.30"]
[Round "7.42"]
[White "Abkarian, Suren"]
[Black "Bergmayr Karl"]
[Result "0-1"]
[WhiteElo "2112"]
[BlackElo "1874"]
[PlyCount "124"]
[EventDate "2014.??.??"]
[WhiteTeam "TSV Dietfurt/Altm."]
[BlackTeam "ASK St. Valentin"]

1. c4 Nf6 2. Nc3 g6 3. e4 d6 4. d4 Bg7 5. h3 O-O 6. Be2 Nbd7 7. Nf3 e5 8. dxe5
dxe5 9. Bg5 c6 10. Qc2 Qc7 11. O-O-O Nc5 12. Be3 Ne6 13. g3 b6 14. Rd2 Bb7 15.
Rhd1 Rad8 16. Bd3 Rd7 17. Ne1 Nd4 18. Qb1 a6 19. Bxd4 exd4 20. Ne2 c5 21. Qc2
Re7 22. f3 Bh6 23. Nf4 Bxf4 24. gxf4 Qxf4 25. Kb1 Bc8 26. Rh2 Nh5 27. Qf2 f5
28. Rd2 fxe4 29. Bxe4 Bf5 30. Nd3 Bxe4 31. fxe4 Qxe4 32. Qg2 Qxg2 33. Rhxg2 Re3
34. h4 a5 35. Kc2 Nf4 36. Nxf4 Rxf4 37. h5 Rf6 38. a3 Rh3 39. hxg6 Rxg6 40.
Rge2 Re3 41. Rh2 h6 42. Rh5 Kg7 43. Rdh2 a4 44. Rd5 Re7 45. b4 axb3+ 46. Kxb3
Ra7 47. Rh3 Rg1 48. Rdh5 Rg6 49. Rd5 Re7 50. Ka4 Ra7+ 51. Kb3 Re6 52. Rd8 Rae7
53. Ka4 Re3 54. Rxe3 dxe3 55. Rd1 e2 56. Re1 Re6 57. Kb3 h5 58. Kc2 Kh6 59. Kd2
h4 60. Rh1 e1=Q+ 61. Rxe1 Rxe1 62. Kxe1 Kg5 0-1

[Event "3. Wittelsbacher Weihnachts-Schach-Open"]
[Site "Kelheim"]
[Date "2014.12.30"]
[Round "7.43"]
[White "Meckel, Helmut"]
[Black "Gottschall, Ina"]
[Result "1-0"]
[WhiteElo "1828"]
[BlackElo "1773"]
[PlyCount "97"]
[EventDate "2014.??.??"]
[WhiteTeam "SG Solingen"]
[BlackTeam "USV TU Dresden"]

1. d4 g6 2. e4 d6 3. f4 Bg7 4. Nf3 Bg4 5. Bc4 e6 6. Be3 d5 7. Bd3 dxe4 8. Bxe4
c6 9. Nbd2 Nf6 10. O-O Nxe4 11. Nxe4 Nd7 12. Qe1 Nf6 13. Nxf6+ Bxf6 14. Rc1
Bxf3 15. Rxf3 Bxd4 16. Rd1 Bxe3+ 17. Rxe3 Qb6 18. Kh1 c5 19. f5 gxf5 20. Rg3
Rd8 21. Rb1 Qb4 22. c3 Qe4 23. Re3 Qd5 24. Re5 Qxa2 25. Ra1 Qb3 26. Rxc5 Rg8
27. Rxf5 Rd5 28. Rf2 a6 29. h3 Rdg5 30. Rd1 Qb5 31. Qe4 R8g7 32. c4 Qc6 33. Qd4
Qc7 34. Rfd2 R5g6 35. Qa7 Rxg2 36. Rxg2 Rxg2 37. Kxg2 Qc6+ 38. Kf2 Ke7 39. Qd4
Qc7 40. Qh4+ Ke8 41. Qg4 Qb6+ 42. Kf1 Qc7 43. Rd2 Qa5 44. b4 Qc7 45. Qg8+ Ke7
46. Qg5+ Ke8 47. c5 b6 48. c6 b5 49. Rd7 1-0

[Event "3. Wittelsbacher Weihnachts-Schach-Open"]
[Site "Kelheim"]
[Date "2014.12.30"]
[Round "7.44"]
[White "Strasser, Josef"]
[Black "St?ckl, Patrick"]
[Result "0-1"]
[WhiteElo "1874"]
[BlackElo "1524"]
[PlyCount "42"]
[EventDate "2014.??.??"]
[WhiteTeam "SU M?nchen"]
[BlackTeam "TSV Dietfurt/Altm."]

1. e4 e5 2. Nf3 Nc6 3. Nc3 Bc5 4. Bc4 d6 5. h3 h6 6. a3 a5 7. d3 Be6 8. Qe2 Nd4
9. Nxd4 Bxd4 10. Bxe6 fxe6 11. Qh5+ Kd7 12. Bd2 Qf6 13. O-O-O Qxf2 14. Rdf1
Qxg2 15. Qf7+ Ne7 16. Qh5 Raf8 17. Rd1 Rf2 18. Rdg1 g6 19. Qh4 Qf3 20. Nd1 Rxd2
21. Rf1 Qe2 0-1

[Event "3. Wittelsbacher Weihnachts-Schach-Open"]
[Site "Kelheim"]
[Date "2014.12.30"]
[Round "7.45"]
[White "Kucera, Petr"]
[Black "Simon, Manuel"]
[Result "1-0"]
[WhiteElo "1974"]
[BlackElo "1609"]
[PlyCount "81"]
[EventDate "2014.??.??"]
[WhiteTeam "Bystrc Oilers"]
[BlackTeam "SK M?mbris"]

1. e4 e5 2. Nf3 Nc6 3. Bb5 a6 4. Ba4 Nf6 5. O-O b5 6. Bb3 Bc5 7. Nxe5 Nxe5 8.
d4 Bxd4 9. Qxd4 Nc6 10. Qc3 O-O 11. Bg5 Nxe4 12. Bxd8 Nxc3 13. Bxc7 Ne4 14. Re1
Nf6 15. Nc3 Bb7 16. Rad1 Rfe8 17. Rxe8+ Rxe8 18. f3 Ne7 19. Be5 Bc6 20. Bxf6
gxf6 21. Re1 Kf8 22. Kf2 Nf5 23. Rxe8+ Kxe8 24. Nd5 Bxd5 25. Bxd5 h6 26. Be4
Nd4 27. Ke3 Ne6 28. b4 Nc7 29. Kd4 d6 30. f4 Ke7 31. f5 Kd7 32. Bf3 Ke8 33.
Bc6+ Ke7 34. c4 bxc4 35. Kxc4 Kd8 36. a4 Kc8 37. b5 axb5+ 38. axb5 Kb8 39. b6
Na8 40. Bxa8 Kxa8 41. Kd5 1-0

[Event "3. Wittelsbacher Weihnachts-Schach-Open"]
[Site "Kelheim"]
[Date "2014.12.30"]
[Round "7.46"]
[White "Brack, Johannes"]
[Black "Antczak, Lena"]
[Result "1-0"]
[WhiteElo "1999"]
[BlackElo "1614"]
[PlyCount "33"]
[EventDate "2014.??.??"]
[WhiteTeam "Regensb. Turnerschaft"]
[BlackTeam "SK Kelheim"]

1. c4 e5 2. d4 Bb4+ 3. Nc3 exd4 4. Qxd4 Nc6 5. Qxg7 Qf6 6. Qxf6 Nxf6 7. Bd2 d6
8. e4 Rg8 9. O-O-O Be6 10. f3 Ne5 11. Nd5 Bxd2+ 12. Kxd2 Bxd5 13. cxd5 a5 14.
Rc1 Kd7 15. Ne2 c5 16. Ng3 Rab8 17. Bb5+ 1-0

[Event "3. Wittelsbacher Weihnachts-Schach-Open"]
[Site "Kelheim"]
[Date "2014.12.30"]
[Round "7.47"]
[White "Alsheimer, Lea"]
[Black "Doleschal, Johannes"]
[Result "1-0"]
[WhiteElo "1616"]
[BlackElo "2019"]
[PlyCount "89"]
[EventDate "2014.??.??"]
[WhiteTeam "SC Bechhofen"]
[BlackTeam "TSV Kirchenlaibach"]

1. e4 e5 2. Nf3 Nc6 3. Bc4 Bc5 4. O-O Nf6 5. d4 Bxd4 6. Nxd4 Nxd4 7. f4 Nc6 8.
Bxf7+ Kxf7 9. fxe5 Nxe5 10. Qd5+ Kg6 11. Qxe5 d6 12. Qg3+ Kf7 13. Bg5 Be6 14.
Nc3 Rf8 15. Rad1 Qe7 16. e5 dxe5 17. Ne4 Ke8 18. Qxe5 Bc4 19. Nxf6+ gxf6 20.
Qxe7+ Kxe7 21. Rde1+ Be6 22. Bh4 Rad8 23. Rf2 Rd6 24. Bg3 Rc6 25. Rfe2 Rc8 26.
Kf2 Kf7 27. a3 Bg4 28. Re7+ Kg6 29. c3 Rb6 30. b4 Rc6 31. R1e3 b5 32. h3 Bf5
33. Bf4 Rc4 34. Rg3+ Kh5 35. Bd2 Rd8 36. Be1 Rd1 37. Rgg7 Bg6 38. Ke2 Ra1 39.
Kf3 f5 40. Bd2 Ra2 41. g4+ fxg4+ 42. hxg4+ Rxg4 43. Re5+ Kh4 44. Be1+ Kh3 45.
Rxh7+ 1-0

[Event "3. Wittelsbacher Weihnachts-Schach-Open"]
[Site "Kelheim"]
[Date "2014.12.30"]
[Round "7.48"]
[White "Klarl, Wolfgang"]
[Black "Kornitzky, Tino"]
[Result "1/2-1/2"]
[WhiteElo "1985"]
[BlackElo "1627"]
[PlyCount "30"]
[EventDate "2014.??.??"]
[BlackTeam "TSV Bindlach"]

1. b3 e5 2. Bb2 Nc6 3. e3 d6 4. Bb5 Nge7 5. d4 exd4 6. Bxd4 a6 7. Bxc6+ Nxc6 8.
Bb2 Bf5 9. Ne2 Qg5 10. Ng3 Be6 11. Qh5 Qxh5 12. Nxh5 f6 13. Nc3 O-O-O 14. O-O-O
Bg4 15. Nf4 Bxd1 1/2-1/2

[Event "3. Wittelsbacher Weihnachts-Schach-Open"]
[Site "Kelheim"]
[Date "2014.12.30"]
[Round "7.49"]
[White "Stutz, Robert"]
[Black "Loebel, Petra"]
[Result "0-1"]
[WhiteElo "1816"]
[BlackElo "1787"]
[PlyCount "52"]
[EventDate "2014.??.??"]
[WhiteTeam "TSV Grossmehring"]
[BlackTeam "SC Noris-Tarrasch N?rnberg"]

1. e4 e6 2. Qe2 b6 3. g3 Bb7 4. Nf3 Nf6 5. d3 d5 6. e5 Nfd7 7. Bg2 c5 8. Bf4
Nc6 9. O-O h6 10. h4 Be7 11. c4 d4 12. Nbd2 g5 13. hxg5 hxg5 14. Bxg5 Bxg5 15.
Nxg5 Qxg5 16. Ne4 Qxe5 17. f4 Qc7 18. f5 O-O-O 19. a3 Rdg8 20. b4 Nce5 21. bxc5
Nxc5 22. fxe6 fxe6 23. Rf4 Nxe4 24. dxe4 d3 25. Qb2 Qc5+ 26. Kf1 Rxg3 0-1

[Event "3. Wittelsbacher Weihnachts-Schach-Open"]
[Site "Kelheim"]
[Date "2014.12.30"]
[Round "7.50"]
[White "Brunner, Tobias"]
[Black "Schmitz, Marc"]
[Result "0-1"]
[WhiteElo "1539"]
[BlackElo "1741"]
[PlyCount "122"]
[EventDate "2014.??.??"]
[WhiteTeam "TSV Nittenau"]
[BlackTeam "SV Saal/Donau"]

1. e4 c5 2. Nf3 d6 3. Nc3 a6 4. a4 Nd7 5. Be2 Ngf6 6. O-O g6 7. d3 Bg7 8. h3
O-O 9. Be3 b6 10. Qd2 Re8 11. Nh2 Bb7 12. f4 d5 13. exd5 Nxd5 14. Nxd5 Bxd5 15.
c3 e6 16. d4 c4 17. Ng4 b5 18. Ne5 Nf6 19. Bf3 Bxf3 20. Rxf3 Qd5 21. Rff1 Reb8
22. axb5 axb5 23. Qe2 Qe4 24. Qf3 Qxf3 25. Nxf3 Nd5 26. Bd2 Ra4 27. Rxa4 bxa4
28. Ne5 Bxe5 29. fxe5 Kg7 30. Bc1 Rb3 31. Rf2 a3 32. bxa3 Rxc3 33. Bb2 Rb3 34.
Rc2 c3 35. Bc1 Ne7 36. g4 Nc6 37. Be3 Rb1+ 38. Kf2 Rb2 39. Re2 Rb3 40. Rc2 Rxa3
41. Kf3 Nb4 42. Rc1 Nd5 43. Rc2 Ra1 44. Bf2 g5 45. h4 gxh4 46. Bxh4 Rf1+ 47.
Bf2 Rd1 48. Ke2 Rh1 49. Kf3 Rh3+ 50. Bg3 Rh1 51. Bf2 Kg6 52. Bg3 Rb1 53. Ke4
Rb2 54. Rc1 Re2+ 55. Kf3 Re3+ 56. Kg2 Re4 57. Bf2 Rxg4+ 58. Kh3 Rf4 59. Kg3 Kg5
60. Rc2 Kf5 61. Bg1 Ke4 0-1

[Event "3. Wittelsbacher Weihnachts-Schach-Open"]
[Site "Kelheim"]
[Date "2014.12.30"]
[Round "7.51"]
[White "Koellner, Ulrich"]
[Black "Fritsch, Julian"]
[Result "1-0"]
[WhiteElo "1890"]
[BlackElo "1346"]
[PlyCount "60"]
[EventDate "2014.??.??"]
[WhiteTeam "SV Hofheim"]
[BlackTeam "SK Kelheim"]

1. d4 d6 2. c4 g6 3. Nc3 Bg7 4. Nf3 Nf6 5. e4 O-O 6. Be2 e5 7. d5 Bg4 8. O-O
Nbd7 9. h3 Bxf3 10. Bxf3 Nc5 11. b4 Na6 12. Rb1 c5 13. dxc6 bxc6 14. Qa4 Qc8
15. Rd1 Rd8 16. c5 d5 17. exd5 cxd5 18. Nxd5 Nxd5 19. Bxd5 Rb8 20. Bxf7+ Kxf7
21. Rxd8 Qxd8 22. Qxa6 Qd1+ 23. Qf1 Qc2 24. Be3 Qxa2 25. Ra1 Qc2 26. Rxa7+ Kg8
27. b5 e4 28. Rxg7+ Kxg7 29. Qa1+ Kg8 30. Bh6 Rxb5 1-0

[Event "3. Wittelsbacher Weihnachts-Schach-Open"]
[Site "Kelheim"]
[Date "2014.12.30"]
[Round "7.52"]
[White "M?hlich, Cornelius"]
[Black "Goderbauer, Josef"]
[Result "1-0"]
[WhiteElo "1427"]
[BlackElo "1735"]
[PlyCount "73"]
[EventDate "2014.??.??"]
[WhiteTeam "SK Kelheim"]
[BlackTeam "SC Moosburg"]

1. e4 g6 2. d4 Bg7 3. Bc4 d6 4. f4 e6 5. Be3 Nd7 6. Nf3 Ne7 7. O-O a6 8. c3 d5
9. exd5 Nxd5 10. Bf2 Nxf4 11. Nbd2 O-O 12. Bg3 Nh5 13. Be5 Nxe5 14. dxe5 Nf4
15. Ne4 b5 16. Be2 Qxd1 17. Bxd1 Bb7 18. Nf6+ Bxf6 19. exf6 c5 20. Ne5 Nd5 21.
Bf3 c4 22. g4 h6 23. h4 Rad8 24. a4 Ra8 25. Kh2 Rfd8 26. Kg3 Rab8 27. axb5 axb5
28. Ra7 g5 29. Rfa1 Nf4 30. Rxb7 Rxb7 31. Bxb7 Ng6 32. Nxg6 fxg6 33. Ra8 gxh4+
34. Kxh4 Rxa8 35. Bxa8 Kf7 36. g5 hxg5+ 37. Kxg5 1-0

[Event "3. Wittelsbacher Weihnachts-Schach-Open"]
[Site "Kelheim"]
[Date "2014.12.30"]
[Round "7.53"]
[White "Bartmann, Florian"]
[Black "Karl, Thomas"]
[Result "1/2-1/2"]
[WhiteElo "1734"]
[BlackElo "1390"]
[PlyCount "81"]
[EventDate "2014.??.??"]
[WhiteTeam "SK Kelheim"]
[BlackTeam "SK Kelheim"]

1. e4 d5 2. exd5 Nf6 3. Bc4 Bg4 4. f3 Bf5 5. Nc3 c6 6. dxc6 Nxc6 7. Bb5 Qd7 8.
d3 a6 9. Bxc6 Qxc6 10. Be3 e5 11. Nge2 Bb4 12. O-O O-O 13. Ne4 Rac8 14. Nxf6+
Qxf6 15. Ng3 Bg6 16. f4 exf4 17. Rxf4 Qe7 18. Bf2 Rfe8 19. Rf3 Qd7 20. c3 Ba5
21. Qd2 Re6 22. Re1 Rce8 23. Rxe6 Rxe6 24. d4 Bc7 25. Re3 Bf4 26. d5 Bxe3 27.
Bxe3 Re7 28. c4 Qe8 29. d6 Rd7 30. c5 f6 31. b4 Qe6 32. Ne2 Bf7 33. Nc3 Qf5 34.
a4 Bc4 35. Bf2 Qd3 36. Qxd3 Bxd3 37. Nd5 Kf7 38. Bg3 Bf5 39. Ne7 Be4 40. a5 Ke6
41. Kf2 1/2-1/2

[Event "3. Wittelsbacher Weihnachts-Schach-Open"]
[Site "Kelheim"]
[Date "2014.12.30"]
[Round "7.54"]
[White "Schwab, Leon"]
[Black "Brassat, J?rgen"]
[Result "0-1"]
[WhiteElo "1237"]
[BlackElo "1879"]
[PlyCount "52"]
[EventDate "2014.??.??"]
[WhiteTeam "SK Kelheim"]
[BlackTeam "SC Eulenspiegel Regensb."]

1. d4 d5 2. c4 e6 3. Nf3 Be7 4. Nc3 Nf6 5. e3 O-O 6. Bd3 a6 7. O-O dxc4 8. Bxc4
b5 9. Bd3 Bb7 10. a3 c5 11. dxc5 Bxc5 12. b4 Be7 13. Ng5 h6 14. Nge4 Nbd7 15.
Nxf6+ Bxf6 16. Bb2 Rc8 17. Rc1 Nb6 18. Ba1 Qe7 19. Qg4 Nc4 20. Bxc4 Rxc4 21.
Qg3 Rfc8 22. e4 Qc7 23. f4 Bd4+ 24. Kh1 Bxc3 25. Rxc3 Rxc3 26. Qg4 Bxe4 0-1

[Event "3. Wittelsbacher Weihnachts-Schach-Open"]
[Site "Kelheim"]
[Date "2014.12.30"]
[Round "7.55"]
[White "Schmidt, Franz"]
[Black "R?sch, Maximilian"]
[Result "1/2-1/2"]
[WhiteElo "1842"]
[BlackElo "1660"]
[PlyCount "46"]
[EventDate "2014.??.??"]
[WhiteTeam "SK Abensberg"]
[BlackTeam "SK Kelheim"]

1. e4 c5 2. Nf3 d6 3. d4 cxd4 4. Nxd4 Nf6 5. Nc3 a6 6. f3 e5 7. Nb3 Be6 8. Be3
Be7 9. Be2 O-O 10. g4 d5 11. g5 d4 12. gxf6 Bxf6 13. Nc5 Qc7 14. Nxe6 fxe6 15.
Bd2 Bh4+ 16. Kf1 dxc3 17. Bxc3 Nc6 18. Rg1 Rad8 19. Bd3 Rxf3+ 20. Qxf3 Rf8 21.
Qxf8+ Kxf8 22. Ke2 Nd4+ 23. Bxd4 exd4 1/2-1/2

[Event "3. Wittelsbacher Weihnachts-Schach-Open"]
[Site "Kelheim"]
[Date "2014.12.30"]
[Round "7.56"]
[White "Schindler, Tobias"]
[Black "Lohr, Maximilian"]
[Result "1-0"]
[WhiteElo "1721"]
[BlackElo "1318"]
[PlyCount "113"]
[EventDate "2014.??.??"]
[WhiteTeam "SK Kelheim"]
[BlackTeam "TSV Mainburg"]

1. c4 d6 2. g3 e5 3. Bg2 c5 4. Nc3 Nf6 5. d3 Be7 6. Bd2 Nc6 7. Nf3 h6 8. O-O
O-O 9. a3 Be6 10. e4 a6 11. Rb1 Rb8 12. b4 b5 13. cxb5 cxb4 14. bxc6 bxc3 15.
Bxc3 Qc7 16. Qa4 Bd7 17. Qxa6 Bxc6 18. Qc4 Qd7 19. Bb4 Rfc8 20. Qa2 Bb5 21. Qd2
Rc6 22. Rfc1 Rbc8 23. Rxc6 Qxc6 24. Nxe5 dxe5 25. Bxe7 Qd7 26. Qb4 Bxd3 27. Rd1
Qb5 28. Qxb5 Bxb5 29. Rd8+ Rxd8 30. Bxd8 Nd7 31. f4 f6 32. f5 Bc6 33. Kf2 Kf7
34. Ke3 Ke8 35. Ba5 Ke7 36. Bb4+ Kd8 37. Bf1 Kc7 38. Bc4 Kb6 39. Bd3 Nc5 40. g4
Bb5 41. Bxb5 Kxb5 42. Bxc5 Kxc5 43. Kd3 Kb5 44. Kc3 Ka4 45. Kb2 Ka5 46. Kb3 Kb5
47. a4+ Ka5 48. Ka3 Ka6 49. Kb4 Kb6 50. a5+ Ka6 51. Ka4 Kb7 52. Kb5 Ka7 53. a6
Kb8 54. Kb6 Ka8 55. a7 h5 56. gxh5 g6 57. h6 1-0

[Event "3. Wittelsbacher Weihnachts-Schach-Open"]
[Site "Kelheim"]
[Date "2014.12.30"]
[Round "7.57"]
[White "Meul, Willi"]
[Black "Voigt, Tobias"]
[Result "1-0"]
[WhiteElo "1885"]
[BlackElo "1582"]
[PlyCount "105"]
[EventDate "2014.??.??"]
[WhiteTeam "SV H?rth-Berrenrath"]
[BlackTeam "SK M?nchen S?dost"]

1. d4 d5 2. Nf3 e6 3. e3 c5 4. c3 Nc6 5. Bd3 cxd4 6. exd4 Bd6 7. O-O Nf6 8. Bg5
O-O 9. Re1 Re8 10. Ne5 h6 11. Bh4 Be7 12. Nd2 Nd7 13. Bxe7 Qxe7 14. Ndf3 Ndxe5
15. Nxe5 f6 16. Ng6 Qf7 17. f4 Ne7 18. Nxe7+ Qxe7 19. Re3 Qd6 20. Qh5 Bd7 21.
Qg6 f5 22. Rg3 Qe7 23. Qxh6 Rf8 24. Re1 Rf6 25. Qg5 Qf7 26. Rh3 Qg6 27. Qxg6
Rxg6 28. Rhe3 Kf7 29. c4 Bc6 30. g3 Rh8 31. b4 dxc4 32. Bxc4 b5 33. Bxe6+ Kf8
34. d5 Bb7 35. Rc1 Rgh6 36. h4 Rg6 37. Kf2 Rhh6 38. Rc7 Bxd5 39. Bxd5 Re6 40.
Bxe6 Rxe6 41. Rxe6 Kg8 42. Ree7 Kh7 43. Rxg7+ Kh6 44. g4 fxg4 45. Rxg4 a5 46.
bxa5 b4 47. Rc8 Kh7 48. a6 b3 49. axb3 Kh6 50. a7 Kh7 51. a8=Q Kh6 52. Qc6+ Kh7
53. Qg6# 1-0

[Event "3. Wittelsbacher Weihnachts-Schach-Open"]
[Site "Kelheim"]
[Date "2014.12.30"]
[Round "7.58"]
[White "Kutschera, Reinhardt"]
[Black "Karcher, Berthold"]
[Result "0-1"]
[WhiteElo "1403"]
[BlackElo "1861"]
[PlyCount "122"]
[EventDate "2014.??.??"]
[WhiteTeam "DJK-Regensburg Nord"]
[BlackTeam "MSA Zugzwang"]

1. c4 Nf6 2. d4 c6 3. g3 d5 4. cxd5 cxd5 5. Nf3 g6 6. Bg2 Nc6 7. Nc3 Bg7 8. Qa4
O-O 9. Bf4 Nh5 10. Be3 e6 11. O-O a6 12. Rac1 Bd7 13. Qd1 Nf6 14. Bg5 h6 15.
Bxf6 Bxf6 16. Qd2 Kg7 17. Na4 Nxd4 18. Nxd4 Bxa4 19. Qb4 Qd7 20. b3 Bc6 21.
Nxc6 bxc6 22. Qb6 Rfc8 23. Rc2 c5 24. Qa5 Qb5 25. Qd2 a5 26. Rfc1 Rab8 27. Qe3
Bd4 28. Qf4 Qb6 29. h4 Rb7 30. e3 Bf6 31. e4 e5 32. Qg4 Rbc7 33. exd5 Be7 34.
h5 Bg5 35. Re1 f5 36. Qd1 Qd6 37. hxg6 Kxg6 38. Qd3 e4 39. Bxe4 fxe4 40. Rxe4
Kg7 41. Re6 Qf8 42. Qg6+ Kh8 43. f4 Rg7 44. Qd3 Bxf4 45. Rf2 Rxg3+ 46. Qxg3
Bxg3 47. Rxf8+ Rxf8 48. Rxh6+ Kg7 49. Rc6 Bf2+ 50. Kf1 Bd4+ 51. Ke1 Rd8 52. d6
Kf6 53. Kd2 Ke5 54. Ra6 Ke4 55. Rxa5 Rxd6 56. Ra8 Rh6 57. Re8+ Be5 58. Ra8 Rh2+
59. Kc1 Kd3 60. Rd8+ Bd4 61. Rxd4+ cxd4 0-1

[Event "3. Wittelsbacher Weihnachts-Schach-Open"]
[Site "Kelheim"]
[Date "2014.12.30"]
[Round "7.59"]
[White "Wieczorek, Heinz"]
[Black "Rangs, Uwe"]
[Result "1-0"]
[WhiteElo "1816"]
[BlackElo "1429"]
[PlyCount "23"]
[EventDate "2014.??.??"]
[WhiteTeam "SW N?rnberg S?d"]
[BlackTeam "SC Tarrasch M?nchen"]

1. e4 c6 2. d4 d5 3. e5 Bf5 4. Nf3 e6 5. c4 dxc4 6. Bxc4 c5 7. O-O a6 8. Nc3
Nc6 9. d5 Na5 10. Qa4+ b5 11. Nxb5 axb5 12. Bxb5+ 1-0

[Event "3. Wittelsbacher Weihnachts-Schach-Open"]
[Site "Kelheim"]
[Date "2014.12.30"]
[Round "7.60"]
[White "Burgard, Manfred"]
[Black "Obermeier, Johannes"]
[Result "1/2-1/2"]
[WhiteElo "1355"]
[BlackElo "1613"]
[PlyCount "31"]
[EventDate "2014.??.??"]
[WhiteTeam "SF Roding"]
[BlackTeam "SK Kelheim"]

1. d4 Nf6 2. Bf4 d5 3. e3 Bf5 4. Bd3 Bxd3 5. Qxd3 e6 6. c4 Nbd7 7. Nf3 Be7 8.
h3 O-O 9. cxd5 exd5 10. Nc3 c6 11. O-O Re8 12. Rab1 Nf8 13. b4 a6 14. Rfc1 Ne6
15. Bh2 Bd6 16. Bxd6 1/2-1/2

[Event "3. Wittelsbacher Weihnachts-Schach-Open"]
[Site "Kelheim"]
[Date "2014.12.30"]
[Round "7.61"]
[White "Mosler, Ernst"]
[Black "Scholz, Gerhart"]
[Result "1-0"]
[WhiteElo "1656"]
[BlackElo "1549"]
[PlyCount "59"]
[EventDate "2014.??.??"]
[WhiteTeam "SV Wettstetten"]
[BlackTeam "SK Abensberg"]

1. e4 d5 2. exd5 Nf6 3. Bc4 Nxd5 4. Ne2 e5 5. O-O Bc5 6. Nbc3 Be6 7. Nxd5 Bxd5
8. Bxd5 Qxd5 9. Nc3 Qc6 10. Qe2 Nd7 11. d3 O-O-O 12. Be3 f5 13. Bxc5 Qxc5 14.
Qe3 Qxe3 15. fxe3 g6 16. Rf2 Rdf8 17. Raf1 c6 18. h3 Kc7 19. Ne2 Kd6 20. g3 e4
21. dxe4 fxe4 22. Nc3 Ke5 23. Rf4 Rxf4 24. exf4+ Ke6 25. Nxe4 b6 26. Rd1 c5 27.
Kf2 h6 28. Rd6+ Kf5 29. Kf3 Rd8 30. g4# 1-0

[Event "3. Wittelsbacher Weihnachts-Schach-Open"]
[Site "Kelheim"]
[Date "2014.12.30"]
[Round "7.62"]
[White "Voith, Walter"]
[Black "Grieneisen Pivatto, Nicolas"]
[Result "0-1"]
[WhiteElo "1650"]
[BlackElo "1358"]
[PlyCount "49"]
[EventDate "2014.??.??"]
[WhiteTeam "TSV Oberviechtach"]
[BlackTeam "FSV Gro?enseebach"]

1. e4 e5 2. f4 exf4 3. Nf3 d6 4. Bc4 g5 5. h4 g4 6. Ng1 h5 7. d4 Bh6 8. Nc3 Nc6
9. Nge2 Qf6 10. Bxf4 Bxf4 11. Nd5 Qd8 12. Nexf4 Nf6 13. Nxf6+ Qxf6 14. O-O Qxh4
15. Qd2 g3 16. Bxf7+ Kxf7 17. Nh3+ Ke8 18. Rf4 Qe7 19. e5 Kd8 20. Raf1 Bd7 21.
Rf7 Qe8 22. Qg5+ Kc8 23. Qg7 Rg8 24. Qf6 b6 25. d5 0-1

[Event "3. Wittelsbacher Weihnachts-Schach-Open"]
[Site "Kelheim"]
[Date "2014.12.30"]
[Round "7.64"]
[White "Kukulina, Sonja"]
[Black "Kirsch, Reimund"]
[Result "1-0"]
[WhiteElo "1482"]
[BlackElo "1792"]
[PlyCount "45"]
[EventDate "2014.??.??"]
[WhiteTeam "SK M?nchen S?dost"]
[BlackTeam "SC Beilngries"]

1. e4 c5 2. Nf3 Nc6 3. d4 cxd4 4. Nxd4 e6 5. Nc3 a6 6. a4 d6 7. Bc4 Nf6 8. f3
Be7 9. Be3 O-O 10. Qd2 Qc7 11. O-O-O Rb8 12. g4 Nxd4 13. Qxd4 b5 14. axb5 axb5
15. Bb3 b4 16. Na2 Bd7 17. h4 Rfd8 18. h5 Rdc8 19. g5 Ne8 20. e5 Ra8 21. Rh2
Rxa2 22. Bxa2 Qxc2+ 23. Rxc2 1-0

[Event "3. Wittelsbacher Weihnachts-Schach-Open"]
[Site "Kelheim"]
[Date "2014.12.30"]
[Round "7.65"]
[White "Haxhija, Florim"]
[Black "Krause, Karl-Heinz"]
[Result "1/2-1/2"]
[WhiteElo "911"]
[BlackElo "1474"]
[PlyCount "72"]
[EventDate "2014.??.??"]
[WhiteTeam "SK Kelheim"]
[BlackTeam "SK Landau-Dingolfing"]

1. e4 d6 2. Nf3 e5 3. Bc4 h6 4. Nc3 Nc6 5. h3 Nf6 6. d3 Be7 7. O-O O-O 8. d4
exd4 9. Nxd4 Nxd4 10. Qxd4 c5 11. Qd1 Be6 12. b3 Bxc4 13. bxc4 a6 14. Re1 Nh7
15. Qg4 Kh8 16. Bb2 Bf6 17. Rab1 Qa5 18. Qg3 Bd4 19. Red1 Rae8 20. Qf3 Re6 21.
Ne2 Bxb2 22. Rxb2 b5 23. cxb5 axb5 24. Rdb1 b4 25. c3 Ng5 26. Qd3 Qa7 27. cxb4
Nxe4 28. Nf4 Ree8 29. Re1 Nf6 30. Rxe8 Rxe8 31. Qxd6 cxb4 32. Qxb4 Qc7 33. Nd3
Rd8 34. Qc5 Qd7 35. Ne5 Qe8 36. Re2 Kg8 1/2-1/2

[Event "3. Wittelsbacher Weihnachts-Schach-Open"]
[Site "Kelheim"]
[Date "2014.12.30"]
[Round "7.67"]
[White "Tautz, Helmut"]
[Black "Mack, Patrick"]
[Result "1/2-1/2"]
[WhiteElo "1539"]
[BlackElo "1345"]
[PlyCount "155"]
[EventDate "2014.??.??"]
[WhiteTeam "SK Kelheim"]
[BlackTeam "SC Bechhofen"]

1. e4 d5 2. exd5 Nf6 3. Bb5+ Bd7 4. Bxd7+ Qxd7 5. c4 c6 6. Qa4 cxd5 7. Qxd7+
Nbxd7 8. d3 Ne5 9. cxd5 Nxd3+ 10. Ke2 Nxc1+ 11. Kd2 Nxa2 12. Rxa2 Nxd5 13. Ne2
a6 14. Rc1 Rd8 15. Ke1 e6 16. Kf1 Bd6 17. Na3 Bxa3 18. Rxa3 Ke7 19. Re1 Rc8 20.
b4 Nxb4 21. Rb1 Rhd8 22. g3 Nd5 23. Rxb7+ Rc7 24. Rb1 Ra8 25. Nd4 Rc4 26. Ne2
Rb4 27. Rba1 Rb6 28. Nd4 Nc7 29. Re3 Kd6 30. Rd1 Ke7 31. Nf5+ Kf8 32. Nh4 a5
33. Ra3 a4 34. Rda1 Rba6 35. Nf3 Nd5 36. Ne5 Ke7 37. Rc1 f6 38. Nc6+ Kd7 39.
Nd4 Rb6 40. Rca1 Rb4 41. Nc2 Rc4 42. Ne1 Nb6 43. Nd3 Rd4 44. Rd1 Rd5 45. Rda1
Rb5 46. Rd1 Ke7 47. Rc1 Kd6 48. Nf4 Rb3 49. Rca1 Rxa3 50. Rxa3 Nc4 51. Ra2 a3
52. Ne2 Nb2 53. Nc3 Kc5 54. Ke2 Kc4 55. Kd2 Kb3 56. Ra1 a2 57. Nxa2 Rxa2 58.
Rb1 g5 59. Ke3 Ra4 60. f4 gxf4+ 61. gxf4 e5 62. f5 Rf4 63. Ra1 Rxf5 64. Ra7 Rh5
65. Rf7 f5 66. h4 e4 67. Kf4 Kc4 68. Ra7 Nd3+ 69. Ke3 Ne1 70. Rc7+ Kb3 71. Kf2
Nd3+ 72. Ke3 Rxh4 73. Rf7 f4+ 74. Kxe4 Nf2+ 75. Kf3 Nd1 76. Rxf4 Rxf4+ 77. Kxf4
Nc3 78. Kg5 1/2-1/2

[Event "3. Wittelsbacher Weihnachts-Schach-Open"]
[Site "Kelheim"]
[Date "2014.12.30"]
[Round "7.68"]
[White "Grieneisen Pivatto, Marcus"]
[Black "Huchler Stefan"]
[Result "1/2-1/2"]
[WhiteElo "1074"]
[BlackElo "1488"]
[PlyCount "36"]
[EventDate "2014.??.??"]
[WhiteTeam "FSV Gro?enseebach"]
[BlackTeam "SK Hohenems"]

1. d4 Nf6 2. c4 e6 3. Nc3 Bb4 4. Nf3 b6 5. Bg5 Bb7 6. e3 Bxc3+ 7. bxc3 d6 8.
Be2 Nbd7 9. O-O Qc8 10. Bxf6 Nxf6 11. Qa4+ c6 12. c5 d5 13. c4 dxc4 14. Qxc4 b5
15. Qc2 h6 16. a4 a6 17. a5 Nd5 18. Ne5 O-O 1/2-1/2

[Event "3. Wittelsbacher Weihnachts-Schach-Open"]
[Site "Kelheim"]
[Date "2014.12.30"]
[Round "7.69"]
[White "Guckes, Fabian"]
[Black "Grieneisen Pivatto, Tanja"]
[Result "1-0"]
[WhiteElo "1524"]
[BlackElo "1048"]
[PlyCount "91"]
[EventDate "2014.??.??"]
[WhiteTeam "SV Worms"]
[BlackTeam "FSV Gro?enseebach"]

1. e4 g6 2. d4 d6 3. Nf3 Nf6 4. Nc3 Bg7 5. g3 Nxe4 6. Nxe4 d5 7. Nc3 Bg4 8. Bg2
Nc6 9. Be3 e6 10. O-O O-O 11. h3 Bxf3 12. Bxf3 Re8 13. Bg2 Na5 14. Ne2 c6 15.
Bd2 Nc4 16. Rb1 e5 17. b3 Na3 18. Rc1 Qd6 19. dxe5 Bxe5 20. Bc3 Nb5 21. Bxe5
Qxe5 22. Re1 Kf8 23. a4 Nc7 24. Qd4 f6 25. Qxe5 Rxe5 26. Nd4 Rae8 27. Kf1 c5
28. Nf3 R5e6 29. Rxe6 Rxe6 30. Re1 Kf7 31. Nd2 b6 32. Nb1 Ke7 33. Nc3 d4 34.
Nd5+ Nxd5 35. Bxd5 Re5 36. f4 Rxe1+ 37. Kxe1 Kd6 38. Bg8 h6 39. h4 g5 40. hxg5
hxg5 41. Ke2 a5 42. Kd3 Kc6 43. Bc4 Kd6 44. Ke4 gxf4 45. Kxf4 Ke7 46. Kf5 1-0